| 000 | 00730nam a2200217Ia 4500 | ||
|---|---|---|---|
| 003 | CO-CtgCURN | ||
| 005 | 20250407233955.0 | ||
| 008 | 190723s9999 xx 000 0 und d | ||
| 020 | _a9589288162 | ||
| 040 |
_aCO-CtgCURN _bspa _ccoctgcurn |
||
| 082 |
_a344.01 _bL177 |
||
| 100 | _aLagos Pantoja, Luis | ||
| 245 | 0 |
_aEl recurso extraordinario de casacion laboral / _cLuis Lagos Pantoja |
|
| 260 |
_aBogotá, Colombia : _bEdiciones Doctrina y Ley, _c1993 |
||
| 300 |
_a309 páginas ; _c23 centímetros |
||
| 521 | _aAREA PROFESIONAL | ||
| 590 | _aPrograma de Derecho_18 | ||
| 650 | _aCasacion laboral | ||
| 942 |
_cBK _h344.01 _iL177 _2ddc _n0 |
||
| 999 |
_c28643 _d28643 |
||